Statistics for US states for best religious attendance record

Click here to take the quiz!

General Stats

  • This quiz has been taken 41 times
  • The average score is 9 of 10

Answer Stats

% Attendance Answer % Correct
46Alabama
95%
42South Carolina
95%
40North Carolina
92%
39Georgia
92%
47Mississippi
90%
46Louisiana
90%
38Texas
87%
42Arkansas
85%
51Utah
82%
45Kentucky
82%

Score Distribution

Percentile by Number Answered

Percent of People with Each Score

Your Score History

You have not taken this quiz